MARC details
| 000 -LEADER |
| fixed length control field |
01982cam a2200517 a 4500 |
| 001 - CONTROL NUMBER |
| control field |
21746 |
| 003 - CONTROL NUMBER IDENTIFIER |
| control field |
VRT |
| 005 - DATE AND TIME OF LATEST TRANSACTION |
| control field |
20260309113605.0 |
| 008 - FIXED-LENGTH DATA ELEMENTS--GENERAL INFORMATION |
| fixed length control field |
240314s2007 xo a b 000 j slo |
| 015 ## - NATIONAL BIBLIOGRAPHY NUMBER |
| National bibliography number |
SNBA2007/09-04485 |
| 020 ## - INTERNATIONAL STANDARD BOOK NUMBER |
| International Standard Book Number |
9788089242252 |
| Qualifying information |
(viaz.) |
| Canceled/invalid ISBN |
8085242251 |
| 035 ## - SYSTEM CONTROL NUMBER |
| System control number |
311D8ABB-CD89-45F6-AF0F-DA8ED3EE23E0 |
| 035 ## - SYSTEM CONTROL NUMBER |
| System control number |
urn:nbn:sk:snk-amkpth |
| 035 ## - SYSTEM CONTROL NUMBER |
| System control number |
urn:nbn:sk:snk-am005dgk |
| 039 #9 - LEVEL OF BIBLIOGRAPHIC CONTROL AND CODING DETAIL [OBSOLETE] |
| Level of rules in bibliographic description |
202403141049 |
| Level of effort used to assign nonsubject heading access points |
VLOAD |
| Level of effort used to assign subject headings |
202403131542 |
| Level of effort used to assign classification |
AUTHORITY |
| Level of effort used to assign subject headings |
202311301542 |
| Level of effort used to assign classification |
AUTHORITY |
| Level of effort used to assign subject headings |
202306121526 |
| Level of effort used to assign classification |
AUTHORITY |
| 040 ## - CATALOGING SOURCE |
| Original cataloging agency |
VTHK |
| Language of cataloging |
slo |
| Transcribing agency |
VTHK |
| Description conventions |
AACR2 |
| Modifying agency |
SNK |
| 041 1# - LANGUAGE CODE |
| Language code of text/sound track or separate title |
slo |
| Language code of original |
ita |
| 044 ## - COUNTRY OF PUBLISHING/PRODUCING ENTITY CODE |
| MARC country code |
xo |
| ISO country code |
SK |
| 072 #7 - SUBJECT CATEGORY CODE |
| Subject category code |
821-93 |
| Subject category code subdivision |
Literatúra pre deti a mládež |
| Source |
konspekt |
| 072 #7 - SUBJECT CATEGORY CODE |
| Subject category code |
821.131.1-3 |
| Subject category code subdivision |
Talianska próza |
| Source |
konspekt |
| 080 ## - UNIVERSAL DECIMAL CLASSIFICATION NUMBER |
| Universal Decimal Classification number |
821-93 |
| Edition identifier |
2001 |
| 080 ## - UNIVERSAL DECIMAL CLASSIFICATION NUMBER |
| Universal Decimal Classification number |
821.131.1-32 |
| Edition identifier |
2001 |
| 080 ## - UNIVERSAL DECIMAL CLASSIFICATION NUMBER |
| Universal Decimal Classification number |
636.7 |
| Edition identifier |
2001 |
| 100 1# - MAIN ENTRY--PERSONAL NAME |
| Personal name |
Casalis, Anna, |
| Dates associated with a name |
1953- |
| Relationship |
aut |
| 245 10 - TITLE STATEMENT |
| Title |
Dobrodružstvá Jakuba a Vierky |
| Name of part/section of a work |
Ako si kto ustelie, tak si aj ľahne |
| Remainder of title |
-a iné príbehy |
| Statement of responsibility, etc. |
ilustrácie: Marco Campanella ; [text: Anna Casalis ; preklad: Ivona Stelzig] |
| 246 30 - VARYING FORM OF TITLE |
| Title proper/short title |
Ako si kto ustelie, tak si aj ľahne |
| 250 ## - EDITION STATEMENT |
| Edition statement |
1.vyd. |
| 260 ## - PUBLICATION, DISTRIBUTION, ETC. |
| Place of publication, distribution, etc. |
Bratislava |
| Name of publisher, distributor, etc. |
Slovart Print |
| Date of publication, distribution, etc. |
2007 |
| 300 ## - PHYSICAL DESCRIPTION |
| Extent |
28 s. |
| Other physical details |
fareb. ilustr. |
| Dimensions |
26x30 cm |
| 490 1# - SERIES STATEMENT |
| Series statement |
Jakub a Vierka so svojími priateľmi |
| 500 ## - GENERAL NOTE |
| General note |
Pravdepodobne prel. z taliančiny |
| 655 #7 - INDEX TERM--GENRE/FORM |
| Genre/form data or focus term |
príbehy o zvieratách |
| Source of term |
SNKPH |
| 655 #7 - INDEX TERM--GENRE/FORM |
| Genre/form data or focus term |
talianske príbehy |
| Source of term |
SNKPH |
| 655 #7 - INDEX TERM--GENRE/FORM |
| Genre/form data or focus term |
publikácie pre deti |
| Source of term |
SNKPH |
| 700 1# - ADDED ENTRY--PERSONAL NAME |
| Personal name |
Campanella, Marco, |
| Dates associated with a name |
1971- |
| Relationship |
trl |
| 700 1# - ADDED ENTRY--PERSONAL NAME |
| Personal name |
Stelzig, Ivona |
| Relationship |
trl |
| 830 #0 - SERIES ADDED ENTRY--UNIFORM TITLE |
| Uniform title |
Jakub a Vierka so svojími priateľmi |
| 942 ## - ADDED ENTRY ELEMENTS (KOHA) |
| Source of classification or shelving scheme |
Dewey Decimal Classification |
| Koha item type |
Krásna literatúra pre deti |
| Suppress in OPAC |
No |
| 949 ## - LOCAL PROCESSING INFORMATION (OCLC) |
| 6 |
2889123124 |
| a |
savukPV 10960 |
| b |
savuk2007/3588 |
| 949 ## - LOCAL PROCESSING INFORMATION (OCLC) |
| 6 |
17A0561810 |
| a |
snkSB 74804 |
| b |
snk2007/19436 |
| o |
1872/07 |
| s |
6100:20140925 |
| 949 ## - LOCAL PROCESSING INFORMATION (OCLC) |
| 6 |
17A0561809 |
| a |
snkSB 74804 D1 |
| b |
snk2007/19437 |
| o |
1872/07 |
| 949 ## - LOCAL PROCESSING INFORMATION (OCLC) |
| 6 |
273K0465026 |
| a |
svkpoC 47816 |
| b |
svkpo496174 |
| 980 ## - EQUIVALENCE OR CROSS-REFERENCE-SERIES STATEMENT--PERSONAL NAME/TITLE [LOCAL, CANADA] |
| Personal name |
821.131.1-34 |
| 980 ## - EQUIVALENCE OR CROSS-REFERENCE-SERIES STATEMENT--PERSONAL NAME/TITLE [LOCAL, CANADA] |
| Personal name |
821-93 |